Brunner & Suddarth's Textbook of Medical-Surgical Nursing/ (Record no. 15622)
[ view plain ]
| 000 -LEADER | |
|---|---|
| fixed length control field | 00470nam a22001577a 4500 |
| 003 - CONTROL NUMBER IDENTIFIER | |
| control field | OSt |
| 005 - DATE AND TIME OF LATEST TRANSACTION | |
| control field | 20221026052512.0 |
| 008 - FIXED-LENGTH DATA ELEMENTS--GENERAL INFORMATION | |
| fixed length control field | 151103b xxu||||| |||| 00| 0 eng d |
| 020 ## - INTERNATIONAL STANDARD BOOK NUMBER | |
| International Standard Book Number | 9781451146653 |
| 040 ## - CATALOGING SOURCE | |
| Transcribing agency | MMU |
| Original cataloging agency | MMU |
| Language of cataloging | eng |
| Modifying agency | MMU |
| 050 ## - LIBRARY OF CONGRESS CALL NUMBER | |
| Classification number | RT41.T46 2014 |
| 100 ## - MAIN ENTRY--PERSONAL NAME | |
| Relator code | Hinkle L. Janice |
| 245 ## - TITLE STATEMENT | |
| Title | Brunner & Suddarth's Textbook of Medical-Surgical Nursing/ |
| Statement of responsibility, etc. | Janice L.Hinkle. |
| 260 ## - PUBLICATION, DISTRIBUTION, ETC. (IMPRINT) | |
| Place of publication, distribution, etc. | London : |
| Name of publisher, distributor, etc. | Lippincott Williams, |
| Date of publication, distribution, etc. | 2014. |
| 942 ## - ADDED ENTRY ELEMENTS (KOHA) | |
| Source of classification or shelving scheme | Library of Congress Classification |
| Koha item type | L |
| Edition | 13th ed. |
| Withdrawn status | Lost status | Source of classification or shelving scheme | Damaged status | Not for loan | Home library | Current library | Date acquired | Source of acquisition | Cost, normal purchase price | Total Checkouts | Full call number | Barcode | Date last seen | Date last checked out | Price effective from | Koha item type |
|---|---|---|---|---|---|---|---|---|---|---|---|---|---|---|---|---|
| Library of Congress Classification | Maasai Mara University Library -Main Campus | Maasai Mara University Library -Main Campus | 11/03/2015 | Purchased | 7450.00 | 21 | RT41.T46 2014 | 201514655 | 06/20/2024 | 06/06/2024 | 11/03/2015 | L |